| 000 | 00523nam a2200193Ia 4500 | ||
|---|---|---|---|
| 005 | 20250508165704.0 | ||
| 008 | 008 250505s9999 xx 000 0 eng d | ||
| 037 | _aPeriodicals | ||
| 040 |
_aFEDL _beng _cFEDL |
||
| 041 |
_aeng _2eng |
||
| 084 |
_a574, CEN _qFEDL |
||
| 245 | 0 | _aTextbook of biotechnology class- XI | |
| 245 | 0 | _cCentral board of secondary education | |
| 260 |
_aDelhi, India _bCBSE _c2002 |
||
| 300 | _a301p. | ||
| 365 |
_aINR _b125 |
||
| 942 |
_cCR _h574, CEN |
||
| 999 |
_c1396762 _d1396762 |
||